| 000 | 00375nam a2200157Ia 4500 | ||
|---|---|---|---|
| 008 | 230917s9999||||xx |||||||||||||| ||und|| | ||
| 040 |
_e80063 _aMAIN |
||
| 041 | _aEnglish | ||
| 082 | _a342 J199P | ||
| 100 | _aJain, M P | ||
| 245 | 0 | _aPrinciple of administrative law | |
| 250 | _a3rd ed. | ||
| 260 |
_aBombay _bN M Tripathi _c1979 |
||
| 300 | _axl, 727 p. | ||
| 942 | _cBK | ||
| 999 |
_c202175 _d202175 |
||